000 00899nam a2200301 a 4500
001 43226
003 AR-BaAGN
005 20250108143315.0
007 ta
008 220625s1984 ag |||||r|||| ||||||spa d
020 _a9500702339
040 _dAR-BaAGN
_aAR-BaAGN
_bspa
_eaacr
100 1 _aBotana, Natalio Rafael,
_d1937-
_96857
245 1 0 _aLa tradición republicana :
_bAlberdi, Sarmiento y las ideas políticas de su tiempo
250 _a1ª ed.
260 _aBuenos Aires :
_bSudamericana,
_c1984.
300 _a493 páginas
336 _2rdacontent
_btxt
337 _2rdamedia
_bn
338 _2rdacarrier
_bnc
490 0 _aHistoria y sociedad
600 1 4 _aAlberdi, Juan Bautista,
_d1810-1884
_92925
600 1 4 _aSarmiento, Domingo Faustino,
_d1811-1888
_94482
650 4 _aHISTORIA POLÍTICA ARGENTINA
_91052
651 4 _aArgentina
_93645
942 _cLIBRO
999 _c43226
_d43226